| Tag |
First Indicator |
Second Indicator |
Subfields |
| LEADER |
00000cam a2200000 4500 |
| 001 |
in00000054509 |
| 005 |
20151008052041.0 |
| 008 |
750408s1953 nyu 00000 eng u |
| 010 |
|
|
|a 53010337
|
| 035 |
|
|
|a (OCoLC)01260405
|
| 035 |
|
|
|9 AAH1410AM
|
| 040 |
|
|
|c ORL
|d TXA
|d UtOrBLW
|
| 049 |
|
|
|a TXAM
|c [226251]
|
| 050 |
|
0 |
|a LB3605
|b .T48
|
| 082 |
0 |
|
|a 371.83
|
| 092 |
|
|
|a 371.83
|b T474y
|
| 100 |
1 |
|
|a Thompson, Nellie Zetta.
|
| 245 |
1 |
0 |
|a Your school clubs ;
|b a complete guide to 500 activities for group leaders and members.
|
| 250 |
|
|
|a [1st ed.].
|
| 264 |
|
1 |
|a New York :
|b Dutton,
|c 1953.
|
| 300 |
|
|
|a 317 pages ;
|c 22 cm.
|
| 336 |
|
|
|a text
|b txt
|2 rdacontent
|
| 337 |
|
|
|a unmediated
|b n
|2 rdamedia
|
| 338 |
|
|
|a volume
|b nc
|2 rdacarrier
|
| 650 |
|
0 |
|a Student activities.
|
| 999 |
|
|
|a MARS
|
| 999 |
f |
f |
|s 8fc75f20-b1b3-3019-a8ad-7799769ef4e9
|i 00f3458d-23c8-3b52-ac5c-e78ee7d9c5f7
|t 0
|
| 952 |
f |
f |
|p ric
|a Texas A&M University
|b Rellis Campus
|c Joint Library Facility
|d Remote Storage
|t 0
|e LB3605 .T48
|h Library of Congress classification
|i unmediated -- volume
|m A14800846356
|
| 998 |
f |
f |
|a LB3605 .T48
|t 0
|l Remote Storage
|